00499nam a2200157Ia 4500008004100000100002400041245011300065260001200178260001100190260000900201300000700210650002100217942000900238999001500247952007900262160117s9999 xx 000 0 und d aKarunarathne,N.A.S. aAntibacterial Activity of the Secondary Metabolites of Endolichenic Fungi Isolated from Pseudocypellaria sp. aColombo bIchemc c2009 a67 aPseudocypellaria cbook c2997d2997 0010708NFICaICbICcGENd2016-01-17l0pD0054r2016-01-17 00:00:00yDIS